01007cam a2200253 a 4500999001500000001000500015003000900020005001700029008004100046020001500087035002000102040003200122082002000154245017000174260003900344300004100383504004100424600005300465650006400518700002200582700001900604942001200623952011800635 c3021d30211454BD-DhUAP20200301122029.0200301s1994 enka b 000 0 eng d a0500341265 a(OCoLC)30803005 aUkNcUcUkNcUdBD-DhUAPbEng00223a720.922 JAM00aJames Stirling, Michael Wilford, and Associates :bbuildings & projects, 1975-1992 /cintroduction by Robert Maxwell ; essays by Michael Wilford and Thomas Muirhead. aLondon :bThames & Hudson,cc1994. a307 pages :billustrations ;c24 cm. aIncludes bibliographical references. aJames Stirling, Michael Wilford, and Associates. 0aArchitecture, PostmodernzGreat BritainxDesigns and plans.1 aWilford, Michael.1 aMuirhead, Tom. 2ddccBK 00102ddc4070aUAPCLbUAPCLcGeneral Stacksd2020-03-01o720.922 JAMp3010001454r2020-03-01t1w2020-03-01yBK